Az elhízással összefüggő elváltozások sejtszintű és molekuláris mechanizmusainak, valamint a HSPB1 szabályozó szerepének vizsgálata diéta-indukált és transzgenikus egérmodellekben

Elmentve itt :
Bibliográfiai részletek
Szerző: Ruppert Zsófia
További közreműködők: Tóth Erzsébet Melinda (Témavezető)
Török Zsolt (Témavezető)
Dokumentumtípus: Disszertáció
Megjelent: 2025-11-27
Tárgyszavak:
doi:10.14232/phd.12909

mtmt:36414704
Online Access:http://doktori.ek.szte.hu/12909
LEADER 01323nta a2200277 i 4500
001 dokt12909
005 20260410134642.0
008 251015s2025 hu om 000 hun d
024 7 |a 10.14232/phd.12909  |2 doi 
024 7 |a 36414704  |2 mtmt 
040 |a SZTE Doktori Repozitórium  |b hun 
041 |a hun 
100 1 |a Ruppert Zsófia 
245 1 3 |a Az elhízással összefüggő elváltozások sejtszintű és molekuláris mechanizmusainak, valamint a HSPB1 szabályozó szerepének vizsgálata diéta-indukált és transzgenikus egérmodellekben  |h [elektronikus dokumentum] /  |c  Ruppert Zsófia 
260 |c 2025-11-27 
300 |a 80 
502 |a Disszertacio 
650 4 |a biológiai tudományok 
650 4 |a Biológiai tudományok 
650 4 |a Biokémia és molekuláris biológia 
700 0 1 |a Tóth Erzsébet Melinda  |e ths 
700 0 1 |a Török Zsolt  |e ths 
856 4 0 |u https://doktori.bibl.u-szeged.hu/id/eprint/12909/1/2025_Disszertacio_RuppertZsofia.pdf  |z Dokumentum-elérés  
856 4 0 |u https://doktori.bibl.u-szeged.hu/id/eprint/12909/3/s41366-024-01584-6..pdf  |z Dokumentum-elérés  
856 4 0 |u https://doktori.bibl.u-szeged.hu/id/eprint/12909/4/s13293-025-00746-z..pdf  |z Dokumentum-elérés  
856 4 0 |u https://doktori.bibl.u-szeged.hu/id/eprint/12909/25/2025_T%C3%A9zis_RuppertZsofia.pdf  |z Dokumentum-elérés